| 000 | 00000nas 2200000za 4500 |
| 001 | 9.831218 |
| 003 | CaOODSP |
| 005 | 20221107145714 |
| 007 | cr ||||||||||| |
| 008 | 170124d19691969oncar p oss f0###b0fre|d |
| 022 | |y0703-2730 |
| 040 | |aCaOODSP|bfre |
| 043 | |an-cn--- |
| 086 | 1 |aCS68-204F-PDF |
| 245 | 00|aFinances des administrations locales, recettes et dépenses, actif et passif, chiffres réels |h[ressource électronique]. |
| 260 | |a[Ottawa] : |bStatistique Canada, Division des administrations publiques, |c1973. |
| 310 | |aAnnuel |
| 362 | 0 |a1969. |
| 500 | |aÉdition numérisée de l’imprimé [par Statistique Canada]. |
| 500 | |aAbsorbé en 1970 par une version bilingue (qui a été publiée dans une version unilingue considérée comme l'éd. anglaise, 1969) sous le titre: Local government finance, revenue and expenditure, assets and liabilities, actual. |
| 692 | 07|2gccst|aMunicipalité |
| 692 | 07|2gccst|aFinances |
| 710 | 1 |aCanada. |bStatistique Canada.|bSection des administrations locales. |
| 775 | 08|tLocal government finance, revenue and expenditure, assets and liabilities, actual |w(CaOODSP)9.831214 |
| 785 | 00|tLocal government finance, revenue and expenditure, assets and liabilities, actual |w(CaOODSP)9.831216 |